000 02545nam0a2200457 4500
001 RU\NLR\BIBL_A\011853117
005 20250626140802.0
020 _aRU
_b18577
_9Сводный каталог листовок первых лет Советской власти (25 октября (7 ноября) 1917 - 1925) Т.6. Листовки органов военного управления отдельных воинских соединений и частей военных организаций и учреждений
035 _a(NLR Aleph) 011853117
090 _a12112679
_c12112679
100 _a20181102j19210404|||y0rusy50 ca
101 0 _arus
102 _aRU
105 _ay z 000zy
135 _acrcn 024anaba
200 1 _aПриказ № 39 по гарнизону гор. Сочи, Апр. 4 дня 1921 г. "§ 1. Коменданту города сдать дела..."
_e[листовка]
210 _aСочи
_c[б.и.]
_d1921, апр., 4
215 _a1 с.
_d31х14
300 _aПодписи: Начальник Гарнизона Карнаухов. Адъютант Стец
309 _aЛистовка напеч. на бланке Общества Черноморской железной дороги
325 _aКопия доступна в Электрон. б-ке РНБ
327 1 _aО порядке пользования баней
517 1 _aКоменданту города сдать дела...
540 1 _aО порядке пользования баней
607 _aРСФСР
_jЛистовки
_xПолитика и управление
_y1917 - 1925
_92312782
_3RU\NLR\auth\6601609564
686 0 _aТ3(2)71-313,011
686 0 _aЦ35(2)712.4,011
702 1 _4720
_aКарнаухов
_cучастник установления советской власти, г. Сочи
_9199786
_3RU\NLR\AUTH\770199837
702 1 _aСтец
_bН.
_cадъютант, г. Сочи
_4720
711 0 2 _aСочинский гарнизон
_9619454
_3RU\NLR\AUTH\880479359
711 0 2 _aНачальник гарнизона города Сочи
_9649404
_3RU\NLR\AUTH\880494716
852 0 0 _aNLR
_bФЛ
_j67/115
942 _cBOOK
980 _aNB
981 2 1 _a(21) Листовки
_b(21) Листовки 1921 года